000 00988cam a2200265 a 4500
999 _c130432
_d130432
001 953896
003 ARRUPE
005 20200319105252.0
008 841126s1985 pau b 001 0 eng
010 _a 84062715
020 _a094086603X (pbk.)
040 _aDLC
_cDLC
_dDLC
050 0 0 _aBP172
_b.D533 1998
100 _aDharmaraj, Glory E.
_949722
245 0 0 _aChristianity and Islam :
_ba missiological encounter /
_cGlory E. Dharmaraj and Jacob S. Dharmaraj
260 _aDelhi. :
_bISPCK,
_c1998.
300 _ax, 321 p. ;
_c22 cm.
650 _aChristianity and other religions
_xIslam
_949725
650 _aIslam
_xRelations
_xChristianity
_949726
700 1 _aDharmaraj, Jacob S.
_949724
856 4 2 _3Publisher description
_uhttp://www.loc.gov/catdir/enhancements/fy0666/84062715-d.html
856 4 1 _3Table of contents only
_uhttp://www.loc.gov/catdir/enhancements/fy0666/84062715-t.html
906 _a7
_bcbc
_corignew
_d3
_eopcn
_f19
_gy-gencatlg
942 _2lcc
_cMONOGRAPH